Poesía 1967 1981

Guardat en:
Dades bibliogràfiques
Autor principal: Colinas, Antonio (Autor)
Format: Llibre
Idioma:espanyol
Publicat: Madrid Visor 1984
Col·lecció:Colección Visor Poesía, 193
Matèries:
Etiquetes: Afegir etiqueta
Sense etiquetes, Sigues el primer a etiquetar aquest registre!

MARC

LEADER 00000nam a2200000 a 4500
001 UCT0940
003 CL-VaPUC
008 960913e19840000SP |||||||||||||||||spa|d
082 0 4 |a 861  |b COL  |2 21 
100 0 |a Colinas, Antonio  |e author  |9 369549 
245 1 0 |a Poesía 1967 1981 
300 |a 327 p 
942 |c BK 
945 |d 19960913 00:00:00  |a nastorga 
260 |a Madrid  |b Visor  |c 1984 
650 0 |a Poesías españolas  |9 265100 
583 |a last modification  |c 19960913 00:00:00  |k Rodrigo Vera 
490 0 |a Colección Visor Poesía, 193  
999 |c 251623  |d 251621 
952 |0 0  |1 0  |4 0  |6 861_000000000000000_COL_1984  |7 0  |8 A  |9 270911  |a FDOPOS  |b FDOPOS  |d 2019-11-19  |i 3231364  |o 861 COL 1984  |p 3231364  |r 2025-01-22  |w 2019-11-19  |y BK  |k MLH